<?xml version="1.0" encoding="UTF-8"?>
<collection xmlns="http://www.loc.gov/MARC21/slim">
<record>
  <controlfield tag="001">64362</controlfield>
  <controlfield tag="005">20221222144223.0</controlfield>
  <datafield tag="024" ind1="8" ind2=" ">
    <subfield code="2">sideral</subfield>
    <subfield code="a">99391</subfield>
  </datafield>
  <datafield tag="037" ind1=" " ind2=" ">
    <subfield code="a">ART-2017-99391</subfield>
  </datafield>
  <datafield tag="041" ind1=" " ind2=" ">
    <subfield code="a">spa</subfield>
  </datafield>
  <datafield tag="100" ind1=" " ind2=" ">
    <subfield code="a">Urcola Pardo, F.</subfield>
    <subfield code="u">Universidad de Zaragoza</subfield>
    <subfield code="0">(orcid)0000-0001-7049-8295</subfield>
  </datafield>
  <datafield tag="245" ind1=" " ind2=" ">
    <subfield code="a">La escala CIBISA: herramienta para la autoevaluación del aprendizaje práctico de estudiantes de enfermería</subfield>
  </datafield>
  <datafield tag="260" ind1=" " ind2=" ">
    <subfield code="c">2017</subfield>
  </datafield>
  <datafield tag="506" ind1="0" ind2=" ">
    <subfield code="a">Access copy available to the general public</subfield>
    <subfield code="f">Unrestricted</subfield>
  </datafield>
  <datafield tag="520" ind1="3" ind2=" ">
    <subfield code="a">Objetivo principal: Elaborar y validar un cuestionario para medir el aprendizaje de los cuidados enfermeros durante las prácticas en el grado de enfermería. Metodología: Elaboración de la escala inicial de 45 ítems, pilotaje de la herramienta con alumnado de la Universidad de Zaragoza y Universidad del País Vasco, mediante análisis de la fiabilidad y de estructura. Posterior consulta a expertos para validación de contenido. Resultados principales: El resultado del pilotaje reportó que el global de la herramienta presentaba buena fiabilidad (alfa=0,888), con una estructura unidimensional que explica el 66% de la varianza. El grupo de expertos confirmó la estructura unidimensional de la escala, y propuso la eliminación de 17 ítems por considerarlos redundantes. Conclusión principal: La herramienta presentada resulta útil para la evaluación del aprendizaje del alumnado. Resultaría necesario ampliar el estudio con muestras de otras universidades, e incluir herramientas que aporten validez convergente o divergente.   Objective: Development and validation of a questionnaire to measure the learning of nursing care during Nurse Degree clinical practices. Methods: Elaboration of a 45-item initial scale, pilot study with students from University of Zaragoza and University of Pais Vasco, through reliability and structural analysis. Content validation through experts consulting. Results: Pilot-study result a good reliability (alpha=0,888) in the global tool, with a unidimensional structure accounting for variance 66%. The expert panel confirmed that unidimensional structure for the scale, and considered 17 items redundant, proposing its elimination. Conclusions: Presented tool is useful for students learning assessment. It would be necessary to Include samples from other universities and tools that provide convergent and divergent validity in further studies.</subfield>
  </datafield>
  <datafield tag="540" ind1=" " ind2=" ">
    <subfield code="9">info:eu-repo/semantics/openAccess</subfield>
    <subfield code="a">All rights reserved</subfield>
    <subfield code="u">http://www.europeana.eu/rights/rr-f/</subfield>
  </datafield>
  <datafield tag="592" ind1=" " ind2=" ">
    <subfield code="a">0.113</subfield>
    <subfield code="b">2017</subfield>
  </datafield>
  <datafield tag="593" ind1=" " ind2=" ">
    <subfield code="a">Health (social science)</subfield>
    <subfield code="c">2017</subfield>
    <subfield code="d">Q4</subfield>
  </datafield>
  <datafield tag="593" ind1=" " ind2=" ">
    <subfield code="a">Public Health, Environmental and Occupational Health</subfield>
    <subfield code="c">2017</subfield>
    <subfield code="d">Q4</subfield>
  </datafield>
  <datafield tag="593" ind1=" " ind2=" ">
    <subfield code="a">History and Philosophy of Science</subfield>
    <subfield code="c">2017</subfield>
    <subfield code="d">Q4</subfield>
  </datafield>
  <datafield tag="655" ind1=" " ind2="4">
    <subfield code="a">info:eu-repo/semantics/article</subfield>
    <subfield code="v">info:eu-repo/semantics/acceptedVersion</subfield>
  </datafield>
  <datafield tag="700" ind1=" " ind2=" ">
    <subfield code="a">Ruiz de Viñaspre, R.</subfield>
  </datafield>
  <datafield tag="700" ind1=" " ind2=" ">
    <subfield code="a">Orkaizagirre-Gomara, A.</subfield>
  </datafield>
  <datafield tag="700" ind1=" " ind2=" ">
    <subfield code="a">Jiménez Navascués, L.</subfield>
  </datafield>
  <datafield tag="700" ind1=" " ind2=" ">
    <subfield code="a">Anguas Gracia, A.</subfield>
    <subfield code="u">Universidad de Zaragoza</subfield>
    <subfield code="0">(orcid)0000-0002-0625-3936</subfield>
  </datafield>
  <datafield tag="700" ind1=" " ind2=" ">
    <subfield code="a">Germán-Bés, C.</subfield>
    <subfield code="u">Universidad de Zaragoza</subfield>
    <subfield code="0">(orcid)0000-0002-8304-1056</subfield>
  </datafield>
  <datafield tag="710" ind1="2" ind2=" ">
    <subfield code="1">1006</subfield>
    <subfield code="2">255</subfield>
    <subfield code="a">Universidad de Zaragoza</subfield>
    <subfield code="b">Dpto. Fisiatría y Enfermería</subfield>
    <subfield code="c">Área Enfermería</subfield>
  </datafield>
  <datafield tag="773" ind1=" " ind2=" ">
    <subfield code="g">26, 3 (2017), 226-230</subfield>
    <subfield code="p">Index enferm.</subfield>
    <subfield code="t">Index de enfermería</subfield>
    <subfield code="x">1132-1296</subfield>
  </datafield>
  <datafield tag="856" ind1="4" ind2=" ">
    <subfield code="s">786619</subfield>
    <subfield code="u">http://zaguan.unizar.es/record/64362/files/texto_completo.pdf</subfield>
    <subfield code="y">Postprint</subfield>
  </datafield>
  <datafield tag="856" ind1="4" ind2=" ">
    <subfield code="s">2149951</subfield>
    <subfield code="u">http://zaguan.unizar.es/record/64362/files/texto_completo.jpg?subformat=icon</subfield>
    <subfield code="x">icon</subfield>
    <subfield code="y">Postprint</subfield>
  </datafield>
  <datafield tag="856" ind1="4" ind2="1">
    <subfield code="u">http://www.index-f.com/index-enfermeria/v26n3/10646.php</subfield>
    <subfield code="z">Texto completo de la revista</subfield>
  </datafield>
  <datafield tag="909" ind1="C" ind2="O">
    <subfield code="o">oai:zaguan.unizar.es:64362</subfield>
    <subfield code="p">articulos</subfield>
    <subfield code="p">driver</subfield>
  </datafield>
  <datafield tag="951" ind1=" " ind2=" ">
    <subfield code="a">2022-12-22-14:35:23</subfield>
  </datafield>
  <datafield tag="980" ind1=" " ind2=" ">
    <subfield code="a">ARTICLE</subfield>
  </datafield>
</record>
</collection>